Statistics for 200 Cities/Towns in Sri Lanka

Click here to take the quiz!

General Stats

  • This quiz has been taken 90 times
  • The average score is 15 of 181

Answer Stats

City% Correct
Colombo
98%
Jaffna
74%
Kandy
74%
Sri Jayawardenepura Kotte
74%
Galle
66%
Negombo
62%
Trincomalee
51%
Nuwara Eliya
49%
Anuradhapura
47%
Matara
43%
Batticaloa
40%
Hambantota
36%
Badulla
34%
Dehiwala
34%
Gampaha
34%
Matale
34%
Puttalam
34%
Polonnaruwa
32%
Ratnapura
32%
Dambulla
30%
Kalutara
30%
Kurunegala
28%
Mannar
26%
Ampara
23%
Vavuniya
21%
Ja-Ela
19%
Kegalle
19%
Hatton
17%
Panadura
17%
Hikkaduwa
15%
Kalmunai
15%
Kollupitiya
15%
Point Pedro
15%
Sigiriya
15%
Ambalangoda
13%
Chilaw
13%
Gampola
13%
Katunayake
13%
Peradeniya
13%
Avissawella
11%
Beruwala
11%
Homagama
11%
Haputale
9%
Horana
9%
Wattala
9%
Weligama
9%
Digana
6%
Galagedara
6%
Kaduwela
6%
Koggala
6%
Peliyagoda
6%
Tangalle
6%
Unawatuna
6%
Wellawatte
6%
Aluthgama
4%
Bentota
4%
Deniyaya
4%
Dikwella
4%
Kadugannawa
4%
Kattankudy
4%
Kuliyapitiya
4%
Malabe
4%
Mawathagama
4%
Minuwangoda
4%
Nawalapitiya
4%
Nilaveli
4%
Seeduwa
4%
Tissamaharama
4%
Addalaichenai
2%
Ahangama
2%
Akkaraipattu
2%
Ambalantota
2%
Boralesgamuwa
2%
Dickoya
2%
Galagedara South
2%
Kadawatha
2%
Kandana
2%
Karaitivu
2%
Kesbewa
2%
Kolonnawa
2%
Kotmale
2%
Maharagama
2%
Maskeliya
2%
Mirissa
2%
Mutur
2%
Naula
2%
Nittambuwa
2%
Oddamavadi
2%
Padukka
2%
Piliyandala
2%
Pottuvil
2%
Ragama
2%
Ukuwela
2%
Abakolawewa
0%
Abasingammedda
0%
Agalaboda
0%
Agalawatta
0%
Agaliya
0%
Akuressa
0%
Alawatugoda
0%
Aluthkade East
0%
Aluvihare
0%
Ambagasthenna
0%
Ambatalawa
0%
Ambatenna
0%
Angunawala
0%
Arambagama
0%
Asgiriya
0%
Aswalapitiya
0%
Baddegama
0%
Beliatta
0%
Boossa
0%
Bowala
0%
Chenkaladi
0%
Dalugama
0%
Daskara
0%
Deiyannewela
0%
Dewahuwa
0%
Dodamwala
0%
Dodanduwa
0%
Dolosbage
0%
Dualagala
0%
Egodagama
0%
Elkaduwa
0%
Eravur
0%
Godagama
0%
Habaraduwa
0%
Hanwella
0%
Julampitiya
0%
Kalkudah
0%
Kaluwanchikudy
0%
Kanchikudicharu
0%
Kandalama
0%
Kantale
0%
Karalliyadda
0%
Kathiraveli
0%
Kinniya
0%
Kirindiwela
0%
Labuduwa
0%
Labugama
0%
Lahugala
0%
Lanumodara
0%
Lewduwa
0%
Lewella
0%
Lindula
0%
Liyananagamakanda
0%
Mabola
0%
Madawala
0%
Mandur
0%
Maruthamunai
0%
Matugama
0%
Nagoda
0%
Omatta
0%
Pelawatte
0%
Pundaluoya
0%
Pussellawa
0%
Ramboda
0%
Rathgama
0%
Sainthamaruthu
0%
Sammanthurai
0%
Sampur
0%
Sangman Kanda
0%
Talawakelle
0%
Teldeniya
0%
Thambiluvil
0%
Thampalakamam
0%
Thirukkovil
0%
Uppuveli
0%
Urani
0%
Vakarai
0%
Valaichchenai
0%
Valvettithurai
0%
Vavunathivu
0%
Veeramunai
0%
Vellaveli
0%
Wadduwa
0%
Wadiyagoda
0%
Waga
0%
Walapane
0%
Wattegama
0%
Yakkala
0%

Score Distribution

Percentile by Number Answered

Percent of People with Each Score

Your Score History

You have not taken this quiz